00482nam a2200193 a 4500001001300000003000900013005001700022008004100039020001000080082001300090100001700103245002500120260005100145300000800196500003500204505002400239650000800263700001700271nice12345678IN_TiNIC20260116012117.0050524s1926 lona grp 000 0 eng  ac10000a231bDUN aDunning, T G aGod and the Absolute aLondonbStudent Christian Movement Pressc1926 a82p aincludes index and biblioraphy2 aIndex of References aGod1 aDunning, T G